000 00375nam a2200133Ia 4500
008 240624s9999 xx 000 0 und d
041 _aeng
082 _a658.4063 AGN
100 _aAGNESS LINDSEY
245 _aCHANGE YOUR BUSINESS WITH NLP POWERFUL T
260 _c2010
_aUnited Kingdom
_bCapstone Publishing Ltd
300 _axxvi, : 317 : p. : cm. ; 21
365 _cGBP
_b30
999 _c27542
_d27542